00493nam a2200205Ia 4500008004100000020001800041050001400059100002200073245003700095245002500132260001500157260001600172260000900188300001600197300002600213300001000239300002300249440000700272500000800279170918s9999 xx 000 0 und d a9780439841160 bS857 2000 aStilton, Geronimo 4aThe search for sunken treasure / cby Geronimo Stilton. aNew York : bScholastic, c2000 a110 pages : bcolor illustrations ; c19cm. eGeronimo Stilton ; a25 a540